| 000 | 00411 a2200109 4500 | ||
|---|---|---|---|
| 001 | ART_23588 | ||
| 005 | 20260410161932.0 | ||
| 008 | 260409a | ||
| 245 | 1 | 0 | _aAsignación eficiente en el uso conjunto del agua de riego |
| 100 | 1 | _aBertranou, Fabio M. | |
| 773 | 0 |
_tRevista de la Facultad de Ciencias Económicas de la Universidad de Cuyo _g- Año XXIII, Nº 67/68 (ene./ago. 1971) _wREV22981 |
|
| 999 |
_c28668 _d28668 |
||